banner-ar

دليلك سيدتى : دليل المراة . جمال الوجه / (Record no. 65108)

MARC details
000 -الفاتح
حقل البيانات ثابتة الطول 00567nam a2200193Ia 4500
005 - وقت وتاريخ اخر تعامل مع التسجيلة
رقم الضبط 20240530110807.0
008 - عناصر البيانات ثابتة الطول - معلومات عامة
حقل البيانات ثابتة الطول 140319s9999 xx 000 0 ara d
040 ## - مصدر الفهرسة
وكالة الفهرسة الأصلية GCL /
وكالة النسخ GCL
082 04 - رقم تصنيف ديوى العشرى
رقم التصنيف 640 /
رقم المادة ش د
100 1# - المدخل الرئيسى - إسم شخصى
الإسم الشخصى مؤسسة الديار
245 10 - بيان العنوان
العنوان دليلك سيدتى : دليل المراة . جمال الوجه /
بيان المسئوليه,etc مؤسسة الديار
300 ## - الوصف المادى
التعداد 772 ص
490 ## - بيان السلسلة
عنوان السلسلة دليلك سيدتى
رقم المجلد/ التعيين التسلسلي 0
650 04 - المدخل الاضافى بالموضوع-مصطلح موضوعى
مصطلح موضوعي المرأة
650 04 - المدخل الاضافى بالموضوع-مصطلح موضوعى
مصطلح موضوعي المرأة - تجميل
650 04 - المدخل الاضافى بالموضوع-مصطلح موضوعى
مصطلح موضوعي الاناقة الشخصية
942 ## - عناصر المدخل الإضافي( كوها)
مصدر التصنيف او مخطط الترفيف Dewey Decimal Classification
Koha [default] item type كتاب
Holdings
حالة التراجع حالة الفقد مصدر التصنيف او خطة الترفيف حالة تلف ليس للاعارة المكان المؤقت الموقع الحالى تاريخ الاكتساب اجمالي اﻻعارات رقم الطلب الباركود تاريخ اخر مشاهدة تاريخ تفعيل السعر نوع وعاء كوها
    ddc     مكتبة القاهرة الكبرى مكتبة القاهرة الكبرى 03/12/2019   640 / ش د 165677 03/12/2019 03/12/2019 كتاب
    ddc     مكتبة القاهرة الكبرى مكتبة القاهرة الكبرى 03/12/2019   640 / ش د 165678 03/12/2019 03/12/2019 كتاب

Powered By

EGPV